[Event "Bhilwara op"]
[Site "Bhilwara"]
[Date "2024.12.25"]
[Round "3"]
[White "Mandloi, Mukesh"]
[Black "Advit, Pandey"]
[Result "0-1"]
[WhiteElo "1688"]
[BlackElo "1548"]
[PlyCount "119"]
[EventDate "2024.12.24"]
[EventType "swiss"]
[EventRounds "9"]
[EventCountry "IND"]
[SourceTitle "CB02_2025"]
[SourceDate "2025.01.08"]
[SourceVersion "1"]
[SourceVersionDate "2025.01.08"]
[SourceQuality "1"]

1. d4 e6 2. c4 Nf6 3. Nc3 Bb4 4. Qc2 0-0 5. a3 Bxc3+ 6. Qxc3 d5 7. Nf3 h6 8. e3 Nbd7 9. Bd3 dxc4 10. Bxc4 b6 11. 0-0 Bb7 12. b4 Bxf3 13. gxf3 a6 14. e4 b5 15. Bb3 Nb6 16. Bf4 Rc8 17. Kh1 Nh5 18. Bc1 Kh7 19. Rg1 Qh4 20. Qe3 Qf6 21. e5 Qh4 22. Rg4 Qh3 23. Bc2+ Kh8 24. Bb2 f6 25. Qd3 f5 26. Rag1 Nd5 27. Bc1 Kg8 28. Bxh6 fxg4 29. Qh7+ Kf7 30. Qg6+ Ke7 31. Bg5+ Kd7 32. Be4 gxf3 33. Bxd5 exd5 34. e6+ Qxe6 35. Qxh5 Qf5 36. Qh4 Rh8 37. Bh6 g6 38. Qg5 Qxg5 39. Bxg5 Rce8 40. Bf4 Re4 41. Be5 Rg8 42. h3 Re2 43. Rg3 Rxf2 44. Kg1 Rg2+ 45. Rxg2 fxg2 46. Kxg2 Ra8 47. Bf4 a5 48. Bd2 axb4 49. Bxb4 Re8 50. Kf3 Re4 51. Bc5 g5 52. Kg3 Kc6 53. Kf3 Rh4 54. Kg3 Kd7 55. Ba7 Ke6 56. Bc5 Kf5 57. Ba7 Ke4 58. Bb8 c6 59. Be5 c5 60. Bf6 0-1